Data visualization made simple : insights into becoming visual
Shranjeno v:
| Glavni avtor: | |
|---|---|
| Format: | Knjiga |
| Jezik: | angleščina |
| Izdano: |
New York, USA:
Routledge, Taylor & Francis Group,
2019.
|
| Teme: | |
| Oznake: |
Označite
Brez oznak, prvi označite!
|
MARC
| LEADER | 00000cam a2200000 i 4500 | ||
|---|---|---|---|
| 001 | 20420197 | ||
| 003 | CL-VaPUC | ||
| 005 | 20230526104036.0 | ||
| 008 | 180327s2019 nyua b 001 0 eng | ||
| 999 | |c 440735 |d 440733 | ||
| 010 | |a 2018008538 | ||
| 020 | |a 9781138503915 (pbk.) | ||
| 040 | |c Pontificia Universidad Católica de Valparaíso | ||
| 082 | 0 | 0 | |a 001.4226 SOS 2019 |2 23 |
| 100 | 1 | |a Sosulski, Kristen, |e author |9 881956 | |
| 245 | 1 | 0 | |a Data visualization made simple : |b insights into becoming visual |
| 260 | |a New York, USA: |b Routledge, Taylor & Francis Group, |c 2019. | ||
| 300 | |a xi, 272 páginas. | ||
| 583 | |c 20230517 | ||
| 650 | 0 | |a Visualización de información |v Manuales, etc. |9 866864 | |
| 650 | 0 | |a Visualización de información |v Estudio de casos |9 866864 | |
| 942 | |2 ddc |c BK | ||
| 952 | |0 0 |1 0 |2 ddc |4 0 |6 001_422600000000000_SOS_2019 |7 0 |8 A |9 590035 |a BIBCUR |b BIBCUR |c GEN |d 2023-05-16 |e 1 |g 48397.42 |i 5657414 |l 5 |o 001.4226 SOS 2019 |p 5657414 |q 2026-03-18 |r 2025-03-25 |s 2025-03-25 |t 1 |v 48397.42 |w 2023-05-16 |y BK |k PER | ||